000 00337 a2200121 4500
001 ART_12978
005 20260410161734.0
008 260409a
245 1 0 _aPlan Cavallo
100 1 _aLopez Murphy, Ricardo H.
700 1 _aCastro, Jorge
773 0 _tEjecutivos de finanzas
_g- Año 8, Nº 75 (may. 1991)
_wREV2863
999 _c18166
_d18166